Detalles MARC
| 000 -CABECERA |
| campo de control de longitud fija |
01384nam a2200241 i 4500 |
| 003 - IDENTIFICADOR DEL NÚMERO DE CONTROL |
| campo de control |
DO-SdBNP |
| 005 - FECHA Y HORA DE LA ÚLTIMA TRANSACCIÓN |
| campo de control |
20240830100512.0 |
| 007 - CAMPO FIJO DE DESCRIPCIÓN FÍSICA--INFORMACIÓN GENERAL |
| campo de control de longitud fija |
ta |
| 008 - DATOS DE LONGITUD FIJA--INFORMACIÓN GENERAL |
| campo de control de longitud fija |
240830s1950 dr 000 0 spa d |
| 040 ## - FUENTE DE LA CATALOGACIÓN |
| Centro catalogador/agencia de origen |
DO-SdBNP |
| Lengua de catalogación |
spa |
| Centro/agencia transcriptor |
BNPHU |
| Normas de descripción |
rda |
| 082 ## - NÚMERO DE LA CLASIFICACIÓN DECIMAL DEWEY |
| Número de documento/Ítem |
F935 |
| Número de edición |
22 |
| 240 1# - TÍTULO UNIFORME |
| Título uniforme |
La frontera dominico haitiana = A la frontiere Dominico-Haitianne / |
| 245 06 - MENCIÓN DE TÍTULO |
| Título |
En la frontera dominicana-Haitiana : |
| Resto del título |
A la frontiere Dominico-Haitienne / |
| 264 #1 - PRODUCCIÓN, PUBLICACIÓN, DISTRIBUCIÓN, FABRICACIÓN Y COPYRIGHT |
| Producción, publicación, distribución, fabricación y copyright |
[Santo Domingo] : |
| Nombre del de productor, editor, distribuidor, fabricante |
[editor no identificado], |
| Fecha de producción, publicación, distribución, fabricación o copyright |
[1950]. |
| 300 ## - DESCRIPCIÓN FÍSICA |
| Extensión |
16 páginas |
| Dimensiones |
23 cm. |
| 336 ## - TIPO DE CONTENIDO |
| Fuente |
rdacontent |
| Término de tipo de contenido |
texto |
| Código de tipo de contenido |
txt |
| 337 ## - TIPO DE MEDIO |
| Fuente |
rdamedia |
| Nombre/término del tipo de medio |
sin mediación |
| Código del tipo de medio |
n |
| 338 ## - TIPO DE SOPORTE |
| Fuente |
rdacarrier |
| Nombre/término del tipo de soporte |
volumen |
| Código del tipo de soporte |
nc |
| 520 ## - SUMARIO, ETC. |
| Sumario, etc. |
La noticia del acuerdo firmado entre el Arzobispo de Ciudad Trujillo, Primado de las Indias Occidentales, y el de Zaragoza, ciudad de la Virgen del Pilar, Patrona de la Hispanidad, sale del marco de una simple información religiosa.<br/>El gran interés de este acuerdo lo constituye el hecho de que estos sacerdotes españoles serán establecidos en las zonas de colonización que lindan con la frontera que corta la Isla de Santo Domingo en dos, y que separa el territorio de la República Dominicana de Haití que domina la parte occidental. De esta manera, un viejo y a veces sangriento problema, vuelve a la luz de la actualidad. |
| 590 ## - NOTA LOCAL (RLIN) |
| Nota local |
Inventariado, 2024/ YL |
| 910 ## - DATOS DE OPCIÓN DEL USUARIO (OCLC) |
| Datos de opción del usuario |
YLockward |
| 942 ## - ELEMENTOS DE PUNTO DE ACCESO ADICIONAL (KOHA) |
| Fuente del sistema de clasificación o colocación |
Dewey Decimal Classification |
| Tipo de ítem Koha |
Folleto |